000 00552nam a22001937a 4500
005 20220718123800.0
008 220718b ||||| |||| 00| 0 eng d
040 _cAL
041 _aEnglish
082 _223
_a345.40826
_bLOKD
100 _aLok Sabha Secretariat
_950599
245 _aDigest of Central Acts
260 _aNew Delhi
_bLok Sabha Secretariat
_c2005
300 _a48 p.
_bPB
_c20x15 cm.
440 _aVol 42, No 4 December 2005
_950600
650 _aCitizenship act
_950601
700 _aLOK SABHA SECRETARIAT
_950602
942 _2ddc
_cGF
999 _c223906
_d223906